Philosophy of Religion (Record no. 17109)

MARC details
000 -LEADER
fixed length control field 00624nam a2200241 a 4500
020 ## - INTERNATIONAL STANDARD BOOK NUMBER
ISBN 0748621
082 00 - DEWEY DECIMAL CLASSIFICATION NUMBER
Classification number 200.1
Author Cutter CRA
100 ## - MAIN ENTRY--AUTHOR NAME
Author name Craig, William Lane
245 ## - TITLE STATEMENT
Title Philosophy of Religion
Sub title a Reader and Guide
260 ## - PUBLICATION, DISTRIBUTION, ETC. (IMPRINT)
Place of publication Delhi
Name of publisher Mittal Publication
Year of publication 2002
300 ## - PHYSICAL DESCRIPTION
Number of Pages 634p
500 ## - GENERAL NOTE
General note includes index and biblioraphy
505 2# - FORMATTED CONTENTS NOTE
Formatted contents note Bibliography
650 ## - SUBJECT ADDED ENTRY--TOPICAL TERM
Topical Term Religion-Philosophy
942 ## - ADDED ENTRY ELEMENTS (KOHA)
Koha item type Books
700 1# -
-- Craig, William Lane
Holdings
Collection code Home library Current library Date acquired Cost, normal purchase price Full call number Accession Number Koha item type
  Henry Martyn Institute Library Henry Martyn Institute Library 10/30/2009 1195.00 200.1 CRA 020270 Books
                   Copyright © 2026 | Henry Martyn Institute | Hyderabad | TS-500052 | INDIA | Implemented by hmi.edu.in
Hit-Count:

Powered by Koha